| 000 | 01617cam a22003013a 4500 | ||
|---|---|---|---|
| 001 | 1209 | ||
| 005 | 20231124102618.0 | ||
| 020 | _a078073003990 | ||
| 040 |
_aOCO _cOCO _dOCLCQ _dDLC _beng |
||
| 050 | 0 | 0 | _aPZ7 |
| 082 | _a158 | ||
| 100 | 1 |
_aLanier, Bob _d1948- |
|
| 245 | 1 | 0 |
_aOut of bounds / _cby Bob Lanier and Heather Goodyear ; illustrated by Desire Grover. |
| 250 | _aFirst printing, June 2003 | ||
| 260 |
_aNew York : _bScholastic, _c2003 |
||
| 300 |
_a69 pages : _billustrations ; _c20 cm |
||
| 490 | 0 |
_aHey L'il D! ; _vBook 4 |
|
| 505 | _aR | ||
| 520 | _aLittle Apple shoots and scores with these new early chapter books! Loosely based on NBA all-star Bob Lanier's childhood adventures, the series teaches valuable life lessons through amusing stories. Swish! L'il Dobber shoots and scores--he's a basketball star in training. In fact, the only thing L'il Dobber and his friends like more than shooting hoops at recess is... shooting hoops after school! They're always tossing that ball around in the neighborhood. It's a lot of fun - especially since they're friends with everyone on the block. Everyone, that is, except Mr. Palmer. Mr. Palmer lives next door to L'il D, and he's always causing trouble. It seems like he'd do anything to spoil their fun! Even take their basketball away...? | ||
| 521 |
_a700
_bLexile |
||
| 521 |
_aR
_bRaz-Plus |
||
| 655 | 7 |
_aChildren's stories. _2lcsh |
|
| 655 | 7 |
_aSports stories. _2lcsh |
|
| 700 | 1 |
_aGoodyear, Heather _ecoauthor |
|
| 700 | 1 |
_aGrover, Desire _eillustrator |
|
| 906 |
_a7 _bcbc _ccopycat _d2 _encip _f20 _gy-genrareb |
||
| 942 |
_2ddc _cBK _n0 |
||
| 999 |
_c1209 _d1209 |
||